Terramotos e tsunamis (Registo nº 914)

Detalhes MARC
000 -Etiqueta do registo
Cabeçalho 00868nam a2200301 4500
005 - Identificador da versão
Campo de controlo 20240813121819.0
010 ## - Número internacional normalizado dos livros (ISBN)
Número (ISBN) 9725930169
021 ## - Número do Depósito Legal
Código do país PT
Número 233820/05
035 ## - Other System Control Numbers
System Control Number 0000976
System Control Number 0000961
100 ## - Dados gerais de processamento
Dados gerais de processamento 20070130d2005 am y0pory5003 ba
102 ## - Pais de publicação ou produção
País de publicação Portugal
101 0# - Língua de publicação
Língua do texto, banda sonora, etc. Português
106 ## - Campo de dados codificados: material textual
Dados codificados do material textual r
105 ## - Campo de dados codificados: livros
Dados codificados dos livros a z 000yy
215 ## - Descrição física 
Indicação específica da natureza do documento e extensão da espécie 112 p.
Outras indicações físicas il.
Dimensões 26 cm
200 1# - Titulo e menção de responsabilidade
Título próprio Terramotos e tsunamis
Primeira menção de responsabilidade Maria Ana Baptista... [et al.]
Outras menções de responsabilidade pref. Luiz Mendes Victor
-- coord. Paula Teves Costa
210 ## - Publicação, Distribuição, etc. 
Lugar da edição, distribuição, etc. Lisboa
Nome do editor, distribuidor, etc. Livro Aberto
Data da publicação, distribuição, etc. 2005
675 ## - Classificação Decimal Universal (CDU)
Notação 550.348(042)
Edição BN
Língua da edição por
Edição BN
Língua da edição por
702 #1 - Nome de autor-pessoa física (responsabilidade secundária)
Número de registo de entrada de autoridade 0001197
Palavra de ordem Victor
Outra parte do nome não tomada para palavra de ordem Luiz Mendes
Código de função Autor da introdução / Prefaciador
Número de registo de entrada de autoridade 0001198
Palavra de ordem Costa
Outra parte do nome não tomada para palavra de ordem Paula Teves
Código de função Editor literário / Coordenador
701 #1 - Nome de autor-pessoa física (co-responsabilidade principal)
Palavra de ordem Baptista
Outra parte do nome não tomada para palavra de ordem Maria Ana de Carvalho Viana
Datas 1960-
Código de função Autor / Co-autor
942 ## - Elementos de entrada adicionados (Koha)
Tipo de item no Koha Livro
Exemplares
Situação do levantamento Origin of item (home branch) (coded) Biblioteca de empréstimo Código de barras Cota Circulation type (not for loan) Tipo de documento Nota do exemplar Damaged status
  Biblioteca Escolar Eng. Nuno Mergulhão Biblioteca Escolar Eng. Nuno Mergulhão BENM1170 550 BAP   Livro Sem mensagem